| 000 | 00963nam a2200265 a 4500 | ||
|---|---|---|---|
| 001 | 58834 | ||
| 003 | BD-RjUL | ||
| 005 | 20211209080649.0 | ||
| 008 | 161220s1951 enka 001 0 eng d | ||
| 035 | _a(BD-RjUL)58958 | ||
| 040 |
_aNUN _beng _cNUN _dANL _dBD-RjUL |
||
| 041 | _aeng | ||
| 082 | 0 | 4 |
_223 _a332.6 _bLAI 1951 |
| 100 | 1 |
_aLakdawala, Dansukhlal Tulsidas. _9174924 |
|
| 245 | 1 | 0 |
_aInternational aspects of Indian economic development / _cD.T. Lakdawala, with forward by C.N. Vakil. |
| 260 |
_aLondon : _bOxford University Press, _c1951. |
||
| 300 |
_a[7], 190 p. : _bill. ; _c21 cm. |
||
| 490 | 1 |
_aPublications: Economics series / University of Bombay ; _vno.5 |
|
| 500 | _aIncludes index. | ||
| 650 | 0 |
_aInvestments, Foreign _zIndia. _9174925 |
|
| 651 | 0 |
_aIndia _xEconomic conditions _y1945- _9174926 |
|
| 700 | 1 |
_aVakil, C. N. _q(Chandulal Nagindas), _d1895-. _9174927 |
|
| 830 | 0 |
_aUniversity of Bombay publications. _vno. 5. _9179501 |
|
| 942 |
_2ddc _cBK |
||
| 999 |
_c58834 _d58834 |
||